000 02193nam a22001937a 4500
003 OSt
005 20251210170019.0
008 251210b |||||||| |||| 00| 0 spa d
020 _a9789978103968
100 _aPatricio Guerrero ; Marco Rubio ; Diego Velasco ; Cesar Lutuala ; Germania Anguieta ; Salomón Acosta ; José Chala ; José Juncosa ; Fernando Rosero ; Gabriela López ; Isabel Rohn ; Victoria Zambonino ; María Gabriela Guevara ; Eloísa Crbonell ; Mario Ojeda ; Raúl Peñafiel ; Victoria Rodríguez ; Juan Ubilla ; Freddy Simbaña ; María Fernanda Tanai ; Iris Pico
245 _aPatrimonio inmaterial en el Ecuador
250 _a1ra Edición
260 _aQuito - Ecuador
_b Universidad Politécnica Salesiana ; Abya-Yala,
_c 2020
300 _a243 páginas
_bablas
_c21 cm
520 _aLas tradiciones, en contextos de fragilidades geopolíticas, se han visto afectadas por prácticas oculturizantes. Estas, unidas al consumismo y al mercantilismo, pasan, de manera silenciosa, a la trastienda del imperio monocultural. Con la Declaratoria del Patrimonio Inmaterial realizada en la convención de París, en 2003, y ratificada por Ecuador en 2005, se crea una mayor conciencia sobre la importancia de salvaguardar la memoria social y patrimonio colectivo de los pueblos. El presente texto documenta la participación ciudadana en esa tarea de cuidar los saberes y prácticas que son parte de la vida cotidiana de las comunidades, ciudades, pueblos y colectivos; por tanto, parte del patrimonio inmaterial y legado cultural para las presentes y futuras generaciones. Desde la academia, con actores de pueblos, docentes y funcionarios públicos, este libro reflexiona sobre el tema. Frente al inexistente diálogo y pese a la poca documentación existente, este diálogo se convierte en una antesala para la concreación de la Ley Orgánica de Cultura con régimen especial para el patrimonio cultural inmaterial en el Ecuador (2016) y su reglamento (2017). Con esto, la política pública habilita la gestión responsable en torno al cuidado del patrimonio inmaterial en el país.
650 _aANTROPOLOGIA CULTURAL
650 _aPOLITICAS PUBLICAS
942 _2ddc
_cBKA
_n0
999 _c2016
_d2016